LEADER 01025nam a2200277 i 4500 001 991000423929707536 005 20020503180500.0 008 960614s1993 it ita 020 $a8843000055 035 $ab10075537-39ule_inst 035 $aLE02515770$9ExL 040 $aFac. Economia$bita 082 0 $a332.765 100 1 $aBertelli, Ruggero$0115757 245 13$aLe carte di credito :$bevoluzione e funzionamento nel sistema bancario italiano /$cRuggero Bertelli, Josef Prader 260 $aRoma :$bNIS,$c1993 300 $a183 p. ;$c22 cm 490 1 $aBanca e finanza ;$v5 650 4$aCarta di credito 700 1 $aPrader, Josef$eauthor$4http://id.loc.gov/vocabulary/relators/aut$0115758 907 $a.b10075537$b18-12-17$c27-06-02 912 $a991000423929707536 945 $aLE025 ECO 332.7 BER01.01$g1$i2025000010642$lle025$o-$pE0.00$q-$rl$s- $t0$u4$v0$w4$x0$y.i10085555$z27-06-02 996 $aCarte di credito$9890096 997 $aUNISALENTO 998 $ale025$b01-01-96$cm$da $e-$fita$git $h3$i1 LEADER 00791nas a2200253 i 4500 001 991002505579707536 005 20231114120957.0 008 011205m19699999it || | |ita 022 $a0006-2790 035 $ab11669585-39ule_inst 035 $aocm00000009$9ExL 080 $aCDU 8 080 $aCDU 008 229 3$aIl Bimestre 245 03$aIl Bimestre :$bQuaderno bimestrale di cultura. - 1969-1973 260 $aFirenze,$c1969-1973 591 $aCodice CNR: P 00072281 592 $aLE002 1969-1973. 907 $a.b11669585$b21-09-06$c08-07-02 912 $a991002505579707536 945 $aLE002 SP 850$g1$lle002$o-$pE0.00$q-$rn$so $t18$u0$v0$w0$x0$y.i11894751$z08-07-02 996 $aBimestre$9892124 997 $aUNISALENTO 998 $ale002$b01-01-01$cs$da $e-$fita$git $h3$i1 LEADER 01269nam 2200301z- 450 001 9910694353003321 005 20130604094424.0 035 $a(CKB)5860000000020653 035 $a(BIP)019590017 035 $a(EXLCZ)995860000000020653 100 $a20220406c2007uuuu -u- - 101 0 $aeng 200 14$aThe Department of Homeland Security's R & D budget priorities for fiscal year 2008$ehearing before the Subcommittee on Technology and Innovation, Committee on Science and Technology, House of Representatives, One Hundred Tenth Congress, first session, March 8, 2007 215 $a1 online resource (iv, 112 p.) $cill 311 $a0-16-079074-3 517 $aDepartment of Homeland Security's R&D Budget Priorities for Fiscal Year 2008 606 $aNational security$xTechnological innovations$zUnited States 606 $aTechnology and state$zUnited States 610 $aUnited States 610 $aNational security 610 $aTechnology and state 610 $aPolitical science 615 0$aNational security$xTechnological innovations 615 0$aTechnology and state 906 $aBOOK 912 $a9910694353003321 996 $aThe Department of Homeland Security's R & D budget priorities for fiscal year 2008$93198670 997 $aUNINA